000
00320nam a22001337a 4500
020
_a
0-8247-7828-6
082
_a
621.38153 MOL'T
100
_a
MCLYMAN, COLONEL WIM
_9
66161
245
_a
TRANSFORMER AND INDUCTOR DESIGN HANDBOOK
250
_a
2ND
260
_a
NEWYORK
_b
DEKKER
_c
1988
300
_a
X,416P
942
_c
BK
999
_c
574172
_d
574172